Statistiques concernant Box Office - Steven Spielberg

Cliquez ici pour prendre le quiz!

Statistiques générales

  • Ce quiz a été pris 64 fois
  • Le résultat moyen est 6 sur 15

Statistiques - réponses

Box OfficeFilms% Correct
792 M $E.T. l'Extraterrestre
88%
1 115 M $Jurassic Park
82%
477 M $Les Dents de la mer
54%
607 M $Ready Player One
52%
482 M $Il faut sauver le soldat Ryan
41%
322 M $La Liste de Schindler
39%
352 M $Arrête-moi si tu peux
38%
390 M $Les Aventuriers de l'arche perdue
36%
474 M $Indiana Jones et la Dernière Croisade
29%
333 M $Indiana Jones et le Temple maudit
29%
374 M $Les Aventures de Tintin : Le Secret de La Licorne
29%
358 M $Minority Report
25%
790 M $Indiana Jones et le Royaume du crâne de cristal
23%
620 M $Jurassic Park, le Monde perdu
20%
604 M $La Guerre des mondes
20%

Distribution des résultats

Percentile par nombre de réponses

% des personnes avec chaque résultat

Votre développement - résultats

Vous n’avez pas pris ce quiz